| 000 | 00539nam a2200169Ia 4500 | ||
|---|---|---|---|
| 003 | OSt | ||
| 005 | 20200515100915.0 | ||
| 008 | 190216s9999||||xx |||||||||||||| ||und|| | ||
| 040 | _coclc | ||
| 082 |
_a909.097671 _bHAI/I |
||
| 100 |
_aHai, Muhammad Abdul _92217 |
||
| 245 | 0 |
_aIslamic History / _cMuhammad Abdul Hai |
|
| 260 |
_bMakthaba Al-Hassnath Nampoor, _c2004. _aNew Delhi: |
||
| 300 | _a136p | ||
| 650 | 0 |
_92271 _aHistory & geography _vIslamic History |
|
| 942 |
_cBK _2ddc _h909.097671 _iHAI/I _k909.097671 _mHAI/I |
||
| 999 |
_c23512 _d23512 |
||